Accidentes del trabajo y enfermedades profesionales

Uloženo v:
Podrobná bibliografie
Hlavní autor: Gajardo Harboe, María Cristina (autora)
Médium: Kniha
Jazyk:španělština
Vydáno: Santiago, Chile Legal Publishing 2015
Vydání:Primera edición
Edice:Colección Tratados y Manuales
Témata:
Tagy: Přidat tag
Žádné tagy, Buďte první, kdo vytvoří štítek k tomuto záznamu!

MARC

LEADER 00000cam a2200000 a 4500
001 UCD0190
003 CL-VaPUC
005 20240304161017.0
008 151120e20150000cl |||||||||||||||||spa|d
999 |c 361805  |d 361803 
020 |a 9789563467311 
040 |c Pontificia Universidad Católica de Valparaíso 
082 0 4 |a 344.046 GAJ 2015  |2 21 
100 |a Gajardo Harboe, María Cristina  |e autora  |9 738605 
245 1 0 |a Accidentes del trabajo y enfermedades profesionales 
250 |a Primera edición 
260 0 3 |a Santiago, Chile  |b Legal Publishing  |c 2015 
300 |a 235 páginas 
490 0 |a Colección Tratados y Manuales 
583 |a last modification  |c 20160105 11:22:01  |k Rodrigo Vera 
650 0 |a Accidentes de trabajo  |9 254901 
650 0 |a Derecho y legislación   |9 255077 
942 |c BK  |2 ddc 
945 |d 20151120 13:39:00  |a dcastane 
952 |0 0  |1 0  |2 ddc  |3 erb  |4 0  |6 344_046000000000000_GAJ_2015  |7 0  |8 A  |9 472483  |a BIBDER  |b BIBDER  |i 525129K  |l 4  |m 7  |o 344.046 GAJ 2015  |p 525129K  |r 2023-12-12  |s 2023-11-21  |t 1  |w 2019-11-24  |y BK  |z Catalogado en:20151120  |k DER